ბათუმის შოთა რუსთაველის სახელმწიფო უნივერსიტეტის ბიბლიოთეკა

გვჭირდება თუ არა ეროვნული ბიბლიოგრაფია (ბიბ.ჩანაწერი № 52538)

000 -LEADER
fixed length control field 01008nam a2200265Ia 4500
001 - CONTROL NUMBER
control field 19562
003 - CONTROL NUMBER IDENTIFIER
control field GE_BSU
008 - FIXED-LENGTH DATA ELEMENTS--GENERAL INFORMATION
fixed length control field 181216s||||||||xx |||||||||||||| ||und||
020 ## - INTERNATIONAL STANDARD BOOK NUMBER
International Standard Book Number 9994067508
040 ## - CATALOGING SOURCE
Transcribing agency GE_BSU
080 ## - UNIVERSAL DECIMAL CLASSIFICATION NUMBER
Universal Decimal Classification number 01
100 ## - MAIN ENTRY--PERSONAL NAME
Personal name გორგიშელი,ია
245 ## - TITLE STATEMENT
Title გვჭირდება თუ არა ეროვნული ბიბლიოგრაფია
245 ## - TITLE STATEMENT
Statement of responsibility, etc. რედ. ზაზა აბაშიძე
250 ## - EDITION STATEMENT
Edition statement საქ. პარლამენტის ეროვნული ბიბლ-კა
260 ## - PUBLICATION, DISTRIBUTION, ETC.
Place of publication, distribution, etc. თბილისი
260 ## - PUBLICATION, DISTRIBUTION, ETC.
Name of publisher, distributor, etc. საქ. პარლამ. ეროვნული ბიბლიოთეკა
260 ## - PUBLICATION, DISTRIBUTION, ETC.
Date of publication, distribution, etc. 2006
300 ## - PHYSICAL DESCRIPTION
Extent 27გვ.
653 ## - INDEX TERM--UNCONTROLLED
Uncontrolled term ბიბლიოთეკარი
653 ## - INDEX TERM--UNCONTROLLED
Uncontrolled term გვჭირდება თუ არა ეროვნული ბიბლიოგრაფია
653 ## - INDEX TERM--UNCONTROLLED
Uncontrolled term ქსეროქსი
942 ## - ADDED ENTRY ELEMENTS (KOHA)
Koha item type წიგნი
ეგზემპლარები
Withdrawn status Lost status Damaged status Not for loan Date acquired Barcode Date last seen Price effective from Koha item type Public note
        2018-12-17 00397 ქსეროქსი 2018-12-17 2018-12-17 წიგნი ქსეროქსი